Flagi państw (30) - Statystyki

Ogólne statystyki
  • Ten quiz został rozwiązany 145 razy
  • Średni wynik to 23 z 30
Statystyki odpowiedzi
Obrazkowy Odpowiedź % Poprawnych
Rosja
95%
Niemcy
94%
Polska
94%
Brazylia
93%
Irlandia
93%
Wielka Brytania
91%
Słowacja
89%
Ukraina
89%
Włochy
89%
Australia
87%
Chile
87%
Cypr
87%
Indie
87%
Turcja
87%
Islandia
86%
Gruzja
85%
Arabia Saudyjska
81%
Estonia
79%
Kazachstan
79%
Stany Zjednoczone
78%
Mołdawia
76%
Irak
75%
Azerbejdżan
73%
Iran
68%
Pakistan
64%
Mongolia
52%
Etiopia
51%
Trynidad i Tobago
46%
Jemen
43%
Sierra Leone
34%
Nie znaleziono quizów pasujących do podanych kryteriów
Rozkład punktacji
Procent ludzi z każdym wynikiem
Percentyl według liczby udzielonych odpowiedzi
Twoja historia wyników
Nie rozwiązałeś tego quizu